000 007420000a22002050004500
090 _aAR
_b01327
245 1 0 _aDistribución geográfica, estacionalidad y comportamiento de Diaethria asteria (<Lepidoptera: Nymphalidae>)
650 1 4 _aDistribución geográfica
_992997
650 1 4 _aDistribución altitudinal
_94375
650 1 4 _aUso del hábitat
_93825
650 1 4 _aEntomología
_94483
651 4 _mColima
_dJalisco
_pMéxico
_992749
653 _fNymphalidae
_gDiaethria
_eDiaethria asteria
041 0 _aEspañol
700 1 _aVargas Fernández, Isabel
_912043
700 1 _aLlorente Bousquets, Jorge E.
_912040
100 1 _aMartínez, Armando Luis
_971526
942 _cARTICULO
773 1 _tTropical Lepidoptera
_3311
_h1
_q38-44
_d1996
_g7
999 _c10412
_d10412